| 000 | 01093cam a22002414a 4500 | ||
|---|---|---|---|
| 999 |
_c3582 _d3582 |
||
| 020 | _a1572484500 (pbk. : alk. paper) | ||
| 022 | _a9781572484504 | ||
| 022 | _a760789208263 | ||
| 050 | 0 | 0 |
_aHG4027.7 _b.B855 |
| 100 | 1 | _aBurk, James E. | |
| 245 | 1 | 0 |
_aFinancing your small business / _cBy James E. Burk & Richard P. Lehman. |
| 250 | _a1st ed. | ||
| 260 |
_aNaperville, Ill. : _bSphinx Pub., _cc2004. |
||
| 300 |
_axiv, 248 p. ; _c24 cm. |
||
| 500 | _aIncludes index. | ||
| 505 | _a Choosing the form of your business -- Business strategy, planning, and feasibility analysis -- Equity financing -- Debt financing -- Securities law -- Licensing and franchising -- Friends, angels, and venture capital sources -- Presentations and the language of capital -- Corporate governance -- How to choose professionals. | ||
| 650 | 0 |
_aSmall business _xFinance. |
|
| 650 | 0 |
_aSmall business _xFinance _xLaw and legislation |
|
| 650 | 0 |
_aNew business enterprises _xFinance. |
|
| 650 | 0 |
_aNew business enterprises _xFinance _xLaw and legislation |
|
| 700 | 1 | _aLehman, Richard P., | |
| 942 | _cBK | ||